000 00635nam a22002052 4500
001 0000009597
005 20151217155840.0
008 081112s xx 000 0 eng d
040 _aKABU
_cKABU
100 1 _aBell, W. D. M.
_@0000155606
245 1 0 _aKaramojo safari /
_cW. D. M. Bell.
250 _a1st ed.
260 _aLondon :
_bVictor Gollancz,
_c1949.
300 _a288 p.
650 0 _aHunting
_zUganda
_zKaramoja Province.
_@0000161317
651 0 _aKaramoja Province (Uganda)
_xDescription and travel.
_@0000161318
852 1 _9p500 KES
908 _a081112
950 _@1
999 _c13190
_d13190